00549nam a2200205 a 4500001001300000003000900013005001700022008004100039020002300080082001500103100002000118245005600138260002600194300000900220500003500229505001000264650003300274650001600307700002000323nice12345678IN_TiNIC20260116013824.0050524s1986 leia grp 000 0 eng  a9004723 c15100a704.9bKIP aKippenberg, H G aVisible Religionb Annual for Religious Iconography aLeiden bBrill c1986 a324p aincludes index and biblioraphy2 aIndex aMythology-Art-representation aIconography1 aKippenberg, H G